[Event "Superettan(Burgsvik-Farsta)"]
[Site "?"]
[Date "2022.05.14"]
[Round "10"]
[White "Andersson, Bjorn"]
[Black "Wieweg, Johnny"]
[Result "1-0"]
[WhiteElo "2131"]
[BlackElo "2087"]
[PlyCount "79"]
[SourceDate "2022.05.25"]

1. e4 e5 2. Nf3 Nc6 3. d4 exd4 4. Bb5 Bc5 5. O-O Nge7 6. Ng5 f6 7. Nf7 Kxf7 8.
Qh5+ Kf8 9. Qxc5 d6 10. Qh5 Be6 11. f4 Bf7 12. Qe2 h5 13. Nd2 h4 14. h3 a6 15.
Ba4 Qd7 16. Nf3 Re8 17. Qf2 Ng6 18. Re1 d5 19. Bxc6 Qxc6 20. Nxd4 Qb6 21. f5
Ne5 22. Be3 Kg8 23. Ne6 Qxb2 24. Bd4 Qa3 25. exd5 c6 26. Bxe5 fxe5 27. c4 b5
28. Rxe5 bxc4 29. dxc6 Rh5 30. Rae1 Qd6 31. c7 Rc8 32. Qc5 Qxc5+ 33. Rxc5 Kh7
34. Nd8 Bg8 35. Re7 Rh6 36. Rd7 Rf6 37. Ne6 Bxe6 38. fxe6 Rxe6 39. Rd8 Re8 40.
Rxe8 1-0

[Event "Superettan(Schack 08-Vasteras II)"]
[Site "?"]
[Date "2022.05.14"]
[Round "10"]
[White "Granath, Jonas"]
[Black "Larsson, Roger"]
[Result "1/2-1/2"]
[WhiteElo "1868"]
[BlackElo "1959"]
[PlyCount "90"]

1. e4 Nf6 2. e5 Nd5 3. c4 Nb6 4. c5 Nd5 5. Nc3 e6 6. d4 Nxc3 7. bxc3 d6 8. cxd6
cxd6 9. f4 dxe5 10. fxe5 Qh4+ 11. g3 Qe4+ 12. Kf2 Be7 13. Nf3 Qc6 14. Bg5 Qc7
15. h4 h6 16. Bxe7 Qxe7 17. Bd3 Bd7 18. Nd2 Bc6 19. Ne4 Bxe4 20. Bxe4 Nc6 21.
Qf3 Rc8 22. Rab1 O-O 23. Kg2 f6 24. Qh5 f5 25. Bd3 Na5 26. Rhc1 Qf7 27. Qf3 b6
28. Rb4 Rc7 29. Be2 Rfc8 30. Rb2 Nc4 31. Bxc4 Rxc4 32. Rd2 Qc7 33. Rd3 Qd7 34.
g4 fxg4 35. Qxg4 Qd5+ 36. Kh3 Rf8 37. Rg3 Qd7 38. Rcg1 Rc7 39. Qg6 Kh8 40. Qe4
Qf7 41. Rxg7 Qf3+ 42. Qxf3 Rxf3+ 43. R1g3 Rcxc3 44. Rg8+ Kh7 45. R8g7+ Kh8
1/2-1/2

[Event "Superettan(Burgsvik-Farsta)"]
[Site "?"]
[Date "2022.05.14"]
[Round "10"]
[White "Tuvesson, Mats"]
[Black "Stavenberg, Karl"]
[Result "1/2-1/2"]
[WhiteElo "2071"]
[BlackElo "2088"]
[PlyCount "49"]

1. d4 d5 2. c4 c6 3. cxd5 cxd5 4. Nc3 Nf6 5. Nf3 Nc6 6. Bf4 Qb6 7. Na4 Qb4+ 8.
Bd2 Qd6 9. e3 g6 10. Rc1 Bg7 11. Bb5 O-O 12. O-O Ne4 13. Nc5 Nxc5 14. dxc5 Qc7
15. Bc3 Bxc3 16. Rxc3 Qa5 17. Qa4 Qxa4 18. Bxa4 Rd8 19. Re1 Bd7 20. Bb3 Bg4 21.
Nd4 e5 22. Nxc6 bxc6 23. f3 Bd7 24. f4 e4 25. Rd1 1/2-1/2

[Event "Superettan(Helsingborg-Rockaden, Umea)"]
[Site "?"]
[Date "2022.05.14"]
[Round "10"]
[White "Eriksson, Jorgen"]
[Black "Semcesen, Daniel"]
[Result "1/2-1/2"]
[WhiteElo "2202"]
[BlackElo "2472"]
[PlyCount "79"]

1. Nf3 f5 2. d3 Nc6 3. d4 Nf6 4. b3 g6 5. Bb2 Bg7 6. g3 Ne4 7. Bg2 O-O 8. O-O
d6 9. Nbd2 Nxd2 10. Qxd2 e5 11. dxe5 dxe5 12. Qxd8 Rxd8 13. Rfd1 e4 14. Rxd8+
Nxd8 15. Bxg7 Kxg7 16. Nd2 Be6 17. f3 exf3 18. Bxf3 c6 19. e4 Nf7 20. Re1 Rd8
21. exf5 Bxf5 22. Nc4 Rd7 23. Re2 h5 24. h4 Kf6 25. Kf2 Nh6 26. Ne3 Be6 27. Re1
Nf5 28. Nxf5 Bxf5 29. Rd1 Re7 30. c3 Re5 31. b4 Be6 32. Rd2 a5 33. a3 axb4 34.
axb4 Ke7 35. Rd4 Bf5 36. Rd2 Be6 37. Rd4 Bf5 38. Rd2 Be6 39. Rd4 Bf5 40. Rd2
1/2-1/2

[Event "Superettan(Upsala-Rockaden,Sthlm II )"]
[Site "?"]
[Date "2022.05.14"]
[Round "10"]
[White "Bator, Robert"]
[Black "Sirin, Atakan"]
[Result "0-1"]
[WhiteElo "2356"]
[BlackElo "2280"]
[PlyCount "80"]
[SourceDate "2022.05.24"]

1. e4 c5 2. c3 d5 3. exd5 Qxd5 4. Nf3 Nc6 5. Na3 Bg4 6. Be2 e5 7. h3 Bh5 8. Qa4
e4 9. Bc4 Qd7 10. Ng5 Nf6 11. Bb5 O-O-O 12. O-O Bg6 13. d3 exd3 14. Nc4 Bd6 15.
Nxd6+ Qxd6 16. Bf4 Qd5 17. Bxc6 Qxc6 18. Qxa7 Nd5 19. Bg3 Kd7 20. Qa3 f6 21.
Nf3 Be4 22. b4 Bxf3 23. b5 Qxb5 24. gxf3 Ra8 25. Qc1 c4 26. Re1 Rhe8 27. Re4
Ra4 28. Rg4 Re7 29. Rd4 Ke8 30. Qd2 Kf7 31. Re1 Rxe1+ 32. Qxe1 Rxa2 33. Kh2 Re2
34. Qa1 h5 35. Qa3 Re6 36. Qa8 Re8 37. Qa3 Qc6 38. f4 f5 39. Qa5 b5 40. Bh4 Ra8
0-1

[Event "Superettan(SS 4 Springare-Orgryte)"]
[Site "?"]
[Date "2022.05.14"]
[Round "10"]
[White "Torngren, Gustav"]
[Black "Sivuk, Vitalii"]
[Result "0-1"]
[WhiteElo "2245"]
[BlackElo "2512"]
[PlyCount "90"]

1. e4 c5 2. Nc3 d6 3. d4 cxd4 4. Qxd4 Nc6 5. Qd2 g6 6. b3 Bh6 7. f4 f5 8. Bb2
Nf6 9. O-O-O Rf8 10. Nge2 Qa5 11. Kb1 Nxe4 12. Nxe4 fxe4 13. Qxa5 Nxa5 14. g3
Bg4 15. Re1 d5 16. Nc3 O-O-O 17. Bg2 g5 18. h3 Be6 19. fxg5 Bxg5 20. Nb5 Rf2
21. Nxa7+ Kd7 22. Bf1 Bd2 23. Bb5+ Nc6 24. Re2 Rdf8 25. Bc1 e3 26. Rxe3 Bxe3
27. Bxe3 R2f3 28. Bf4 Bf5 29. Nxc6 bxc6 30. Be2 Rf2 31. Bg4 h5 32. Be3 Rg2 33.
Bxf5+ Rxf5 34. g4 Rf3 35. Re1 hxg4 36. hxg4 e5 37. g5 d4 38. Bc1 Kd6 39. Ba3+
Kd5 40. Be7 e4 41. a4 Rff2 42. g6 Rxc2 43. g7 Rb2+ 44. Kc1 Rxb3 45. Bf8 d3 0-1

[Event "Superettan(Helsingborg-Rockaden, Umea)"]
[Site "?"]
[Date "2022.05.14"]
[Round "10"]
[White "Nilsson, Anders"]
[Black "Mardell, Jimmy"]
[Result "1/2-1/2"]
[WhiteElo "2237"]
[BlackElo "2140"]
[PlyCount "155"]

1. d4 d5 2. Bf4 Nf6 3. e3 c5 4. c3 Nc6 5. Nd2 Bf5 6. Ngf3 e6 7. Qa4 Qb6 8. Qb5
c4 9. a4 Be7 10. Be2 O-O 11. O-O Qd8 12. a5 a6 13. Qxb7 Qe8 14. Ne5 Nxe5 15.
Bxe5 Nd7 16. Bc7 Qc8 17. Qxc8 Rfxc8 18. Bg3 Ra7 19. e4 Bg6 20. exd5 exd5 21.
Bf3 Bg5 22. Nb1 Nf6 23. h4 Bh6 24. Bd6 Ne4 25. Bb4 f5 26. g3 Bf7 27. Re1 g6 28.
Na3 Nd2 29. Kg2 Raa8 30. Re5 Nxf3 31. Kxf3 Bg7 32. Ree1 Re8 33. Kg2 Rab8 34.
Nc2 f4 35. Rxe8+ Rxe8 36. Re1 Rxe1 37. Nxe1 fxg3 38. fxg3 Be6 39. Bd6 Bf6 40.
Kf3 Bf5 41. Bc7 Be4+ 42. Kf4 Kf7 43. Nf3 Bxf3 44. Kxf3 Ke6 45. Kf4 Kd7 46. Bb6
Kc6 47. Ke3 Be7 48. Kd2 Bd6 49. g4 h5 50. gxh5 gxh5 51. Bd8 Kb5 52. Kc2 Ka4 53.
Bg5 Bc7 54. Be7 Bxa5 55. Bf6 Bc7 56. Be7 Bg3 57. Bd8 Kb5 58. Be7 a5 59. Kb1 Kc6
60. Ka2 Kd7 61. Bg5 Be1 62. Ka3 Ke6 63. Ka4 Kf5 64. Kb5 Ke4 65. Kxa5 Kd3 66.
Kb4 Kc2 67. Ka3 Bf2 68. Ka2 Be1 69. Ka1 Kd3 70. Ka2 Ke4 71. Ka3 Kf5 72. Kb4 Bg3
73. b3 cxb3 74. Kxb3 Ke4 75. Kc2 Bf2 76. Bd8 Bg3 77. Be7 Ke3 78. Bf6 1/2-1/2

[Event "Superettan(Upsala-Rockaden,Sthlm II )"]
[Site "?"]
[Date "2022.05.14"]
[Round "10"]
[White "Johansson, Jan"]
[Black "Zadruzny, Nicolaj"]
[Result "1/2-1/2"]
[WhiteElo "2291"]
[BlackElo "2359"]
[PlyCount "40"]

1. d4 Nf6 2. Nf3 d5 3. c4 e6 4. Nc3 Bb4 5. Bg5 h6 6. Bxf6 Qxf6 7. e3 O-O 8. Qb3
c5 9. cxd5 exd5 10. Be2 Nc6 11. dxc5 d4 12. Nxd4 Nxd4 13. exd4 Qxd4 14. O-O Be6
15. Qc2 Rac8 16. Nb5 Qxc5 17. Qxc5 Bxc5 18. Rfd1 a6 19. Nc3 Be7 20. Bf3 Rc7
1/2-1/2

[Event "Superettan(SS 4 Springare-Orgryte)"]
[Site "?"]
[Date "2022.05.14"]
[Round "10"]
[White "Poley, Vladimir"]
[Black "Frisk Kockum, Anton"]
[Result "1-0"]
[WhiteElo "2324"]
[BlackElo "2341"]
[PlyCount "71"]

1. Nf3 g6 2. g3 Bg7 3. d4 f5 4. Bg2 Nf6 5. O-O O-O 6. c4 d6 7. Nc3 Nc6 8. d5
Ne5 9. Nxe5 dxe5 10. e4 f4 11. gxf4 exf4 12. e5 Ng4 13. e6 Ne5 14. b3 f3 15.
Bh3 g5 16. Re1 Qe8 17. Qd4 c5 18. Qxe5 Bxe5 19. Rxe5 h6 20. Bg4 Qg6 21. Bd2 b5
22. Rae1 bxc4 23. Ne4 cxb3 24. axb3 Ba6 25. Nxc5 Be2 26. Nd7 Rf4 27. Bxf4 gxf4
28. Kh1 Kh8 29. Rg1 Rg8 30. h3 Qd3 31. Rh5 Rg5 32. Ne5 Rxe5 33. Rxe5 Bf1 34.
Rh5 Bg2+ 35. Kh2 Qe2 36. Rxg2 1-0

[Event "Superettan(Helsingborg-Rockaden, Umea)"]
[Site "?"]
[Date "2022.05.14"]
[Round "10"]
[White "Nygren, David"]
[Black "Kristensen, Kare Hove"]
[Result "1-0"]
[WhiteElo "2182"]
[BlackElo "2307"]
[PlyCount "79"]

1. e4 c5 2. c3 d5 3. exd5 Nf6 4. Qa4+ Nbd7 5. c4 e6 6. dxe6 fxe6 7. Nf3 Bd6 8.
Be2 O-O 9. Nc3 e5 10. d3 Nb8 11. Bg5 Nc6 12. Ne4 Be7 13. Rd1 Nd4 14. Nxd4 exd4
15. Bxf6 gxf6 16. Bf3 f5 17. Ng3 Bd6 18. O-O Kh8 19. Rfe1 Bd7 20. Qc2 Rb8 21.
Re2 b5 22. b3 bxc4 23. bxc4 Qa5 24. Qc1 Rbe8 25. Qh6 Qc7 26. Rde1 Rxe2 27. Rxe2
Rf7 28. Qh5 Kg7 29. Bd5 Rf6 30. Qg5+ Rg6 31. Nxf5+ Kh8 32. Qh5 Bxh2+ 33. Kf1
Qf4 34. Nh4 Rh6 35. Re8+ Bxe8 36. Qxe8+ Kg7 37. Qg8+ Kf6 38. Qf8+ Kg5 39. Nf3+
Kg4 40. Qg7+ 1-0

[Event "Superettan(Upsala-Rockaden,Sthlm II )"]
[Site "?"]
[Date "2022.05.14"]
[Round "10"]
[White "Crevatin, Leo"]
[Black "Burwick, Malte"]
[Result "1/2-1/2"]
[WhiteElo "2266"]
[BlackElo "2215"]
[PlyCount "46"]

1. d4 g6 2. c4 Bg7 3. Nc3 d6 4. e4 Nd7 5. Be3 e5 6. Nge2 Ne7 7. h4 f5 8. Bg5 h6
9. Bxe7 Qxe7 10. Nd5 Qd8 11. exf5 c6 12. Ndc3 gxf5 13. dxe5 dxe5 14. Ng3 Nf6
15. Qxd8+ Kxd8 16. O-O-O+ Kc7 17. f3 Rf8 18. Bd3 Ne8 19. c5 Be6 20. Bc2 Rd8 21.
Bb3 Bxb3 22. axb3 Bh8 23. b4 Ng7 1/2-1/2

[Event "Superettan(SS 4 Springare-Orgryte)"]
[Site "?"]
[Date "2022.05.14"]
[Round "10"]
[White "Olsson, William"]
[Black "Jakenberg, Jussi"]
[Result "1-0"]
[WhiteElo "2316"]
[BlackElo "2113"]
[PlyCount "105"]

1. c4 e5 2. Nc3 Nf6 3. g3 d5 4. cxd5 Nxd5 5. Bg2 Ne7 6. Nf3 Nbc6 7. b4 a6 8.
O-O g6 9. Rb1 Bg7 10. a4 O-O 11. b5 axb5 12. axb5 Nd4 13. d3 Rb8 14. Ba3 Re8
15. Ng5 h6 16. Nge4 b6 17. e3 Ne6 18. Bxe7 Rxe7 19. Nd5 Rd7 20. Nb4 Bb7 21. Qc2
Bf8 22. Na6 Ra8 23. Nf6+ Qxf6 24. Bxb7 Ra7 25. Bc6 Rd8 26. Rfd1 Kg7 27. Qc4 Bd6
28. Bd5 Re8 29. Rdc1 h5 30. h4 g5 31. hxg5 Qxg5 32. Kg2 h4 33. Qxh4 Qxh4 34.
gxh4 Nc5 35. Rc3 Rh8 36. Nxc5 Bxc5 37. Rc4 Rh6 38. Rg4+ Kf6 39. d4 Bd6 40.
dxe5+ Bxe5 41. f4 Bd6 42. e4 Bf8 43. e5+ Kf5 44. Kf3 Ra3+ 45. Rb3 Rxb3+ 46.
Bxb3 f6 47. e6 Rh8 48. Bd5 Bd6 49. Rg7 Rxh4 50. e7 Rxf4+ 51. Ke2 Bxe7 52. Rxe7
Rd4 53. Bc6 1-0

[Event "Superettan(Helsingborg-Rockaden, Umea)"]
[Site "?"]
[Date "2022.05.14"]
[Round "10"]
[White "Sylvan, Jacob"]
[Black "Isaksson, Henrik"]
[Result "1/2-1/2"]
[WhiteElo "2312"]
[BlackElo "2117"]
[PlyCount "59"]

1. c4 b6 2. Nc3 Bb7 3. d4 e6 4. e4 Bb4 5. f3 f5 6. exf5 Nh6 7. Be3 Nxf5 8. Bf2
O-O 9. Nge2 Nh4 10. Qb3 a5 11. Bg3 Qg5 12. Qc2 Na6 13. Qd2 Qxd2+ 14. Kxd2 Nf5
15. Bf2 c5 16. Kc2 cxd4 17. Nxd4 Bc5 18. Rd1 Nxd4+ 19. Bxd4 Bxd4 20. Rxd4 Nc5
21. Be2 Bc6 22. Re1 Rf6 23. Bf1 Ra7 24. b3 Rc7 25. Kb2 g6 26. f4 Rc8 27. g3 g5
28. fxg5 Rf2+ 29. Ka3 Rcf8 30. Be2 1/2-1/2

[Event "Superettan(Upsala-Rockaden,Sthlm II )"]
[Site "?"]
[Date "2022.05.14"]
[Round "10"]
[White "Wagner, Stephan"]
[Black "Olsson, Krister"]
[Result "1/2-1/2"]
[WhiteElo "2222"]
[BlackElo "2332"]
[PlyCount "36"]

1. c4 e5 2. Nc3 d6 3. g3 f5 4. d4 exd4 5. Qxd4 Nc6 6. Qe3+ Be7 7. Nd5 Ne5 8.
Nf3 Ng4 9. Qd4 N8f6 10. Nxe7 Qxe7 11. Bg2 O-O 12. h3 Ne5 13. O-O Bd7 14. Bg5
Bc6 15. Nxe5 dxe5 16. Qe3 Bxg2 17. Kxg2 Qe6 18. Bxf6 Rxf6 1/2-1/2

[Event "Superettan(SS 4 Springare-Orgryte)"]
[Site "?"]
[Date "2022.05.14"]
[Round "10"]
[White "Mattsson, Michael"]
[Black "Arnelind, Mikael"]
[Result "0-1"]
[WhiteElo "2059"]
[BlackElo "2215"]
[PlyCount "128"]

1. e4 e6 2. d4 d5 3. Nd2 Nf6 4. e5 Nfd7 5. f4 c5 6. c3 Nc6 7. Ndf3 cxd4 8. cxd4
Bb4+ 9. Kf2 Qb6 10. g3 O-O 11. Bh3 f6 12. Kg2 f5 13. Ne2 Be7 14. Rg1 Ndb8 15.
Kh1 Na6 16. g4 g6 17. Rg3 Nc7 18. Qg1 Rf7 19. gxf5 exf5 20. b3 Ne6 21. Be3 Nb4
22. Bf1 Nc2 23. Rc1 Nxe3 24. Qxe3 Bd7 25. h4 Rg7 26. Nc3 Bc6 27. Bg2 Rd8 28.
Rd1 Qa5 29. Ng5 Bxg5 30. hxg5 Qb4 31. Qd2 Kf8 32. Kh2 Rc7 33. Rh3 a5 34. Rd3
Kg8 35. Kg3 Rf7 36. Kf2 Rc7 37. Ke3 Qb6 38. a4 Rcd7 39. Rc1 Rc7 40. Bf3 Rcd7
41. Qg2 Qb4 42. Qd2 Qb6 43. Ne2 Rc7 44. Rdc3 Qb4 45. R1c2 Qb6 46. Qc1 Re7 47.
Qa3 Kf7 48. Rc1 Red7 49. Rh1 Kg8 50. Qc1 Re8 51. Rd3 Qb4 52. Qe1 Qb6 53. Nc3
Nxg5 54. Ne2 Ne6 55. Qg1 Rg7 56. Qh2 Qb4 57. Rc1 Qe7 58. Rdd1 Rd8 59. Rg1 Qb4
60. Rb1 Nxd4 61. Nxd4 Qc3+ 62. Ke2 Qxd4 63. Rgd1 Qb4 64. Qh4 g5 0-1

[Event "Superettan(Helsingborg-Rockaden, Umea)"]
[Site "?"]
[Date "2022.05.14"]
[Round "10"]
[White "Mardell, Jonas"]
[Black "Nilsson Hask, Patrik"]
[Result "0-1"]
[WhiteElo "2126"]
[BlackElo "2199"]
[PlyCount "80"]
[EventDate "2022.??.??"]

1. e4 e6 2. Qe2 Nc6 3. Nf3 e5 4. c3 Be7 5. d4 exd4 6. Nxd4 d5 7. Qb5 dxe4 8.
Nxc6 bxc6 9. Qxc6+ Bd7 10. Qxe4 Nf6 11. Qd3 O-O 12. Be2 Bd6 13. O-O Re8 14. Be3
Rb8 15. b3 Bb5 16. c4 Be5 17. Nc3 Qxd3 18. Bxd3 Rbd8 19. Rad1 Bc6 20. Ne2 Ng4
21. Bf4 g6 22. h3 Nf6 23. Bxe5 Rxe5 24. Ng3 h5 25. f4 Re3 26. Ne4 Nxe4 27. Bxe4
Rxd1 28. Bxc6 Red3 29. Bd5 R3d2 30. Rxd1 Rxd1+ 31. Kf2 Rd2+ 32. Ke3 Rxa2 33. b4
Kf8 34. Kd4 Ke7 35. Kc5 Ra6 36. Kd4 h4 37. c5 Ra4 38. Kc4 a5 39. Kb5 Rxb4+ 40.
Kxa5 Rxf4 0-1

[Event "Superettan(Upsala-Rockaden,Sthlm II )"]
[Site "?"]
[Date "2022.05.14"]
[Round "10"]
[White "Eriksson, Dan"]
[Black "Malm Lindberg, Henrik"]
[Result "1-0"]
[WhiteElo "2184"]
[BlackElo "2194"]
[PlyCount "61"]

1. e4 c5 2. c3 Nf6 3. e5 Nd5 4. d4 cxd4 5. Nf3 e6 6. cxd4 b6 7. Nc3 Nxc3 8.
bxc3 Qc7 9. Bd2 Bb7 10. Bd3 d6 11. O-O Nd7 12. Re1 dxe5 13. Nxe5 Nxe5 14. Rxe5
Bd6 15. Rh5 g6 16. Bb5+ Bc6 17. Qf3 O-O-O 18. Bxc6 gxh5 19. a4 a5 20. Rb1 Rhg8
21. Be3 Rg6 22. d5 Rdg8 23. Rxb6 Rxg2+ 24. Kf1 Rg1+ 25. Ke2 Qe7 26. dxe6 Qxe6
27. Bd5 Qe7 28. Bxf7 Bc7 29. Qa8+ Kd7 30. Qd5+ Kc8 31. Be6+ 1-0

[Event "Superettan(SS 4 Springare-Orgryte)"]
[Site "?"]
[Date "2022.05.14"]
[Round "10"]
[White "Kumar, Rahul"]
[Black "Horta, Hector"]
[Result "1-0"]
[WhiteElo "2184"]
[BlackElo "1901"]
[PlyCount "101"]

1. d3 g6 2. Bd2 Bg7 3. Qc1 c5 4. g3 Nc6 5. Bg2 b6 6. Nc3 Bb7 7. e4 Nd4 8. Nge2
Nxe2 9. Nxe2 d5 10. O-O e6 11. Nc3 d4 12. Ne2 Ne7 13. h4 h5 14. Re1 Rc8 15. b3
b5 16. Qa3 Qb6 17. Rab1 b4 18. Qc1 Bc6 19. a3 a5 20. Ra1 O-O 21. Kh2 Qc7 22.
Bf4 e5 23. Bg5 f6 24. Bh6 Rf7 25. Ng1 f5 26. Nh3 fxe4 27. dxe4 Bd7 28. f3 c4
29. Bxg7 Kxg7 30. Ng5 Rf6 31. axb4 axb4 32. Bf1 Bb5 33. Qd2 Qd6 34. Qf2 Qb6 35.
bxc4 Bxc4 36. Bh3 Rc7 37. Reb1 Bg8 38. Rb2 Rfc6 39. Bf1 Qc5 40. Bd3 Qc3 41.
Rab1 b3 42. Rxb3 Bxb3 43. Rxb3 Qa5 44. Qg1 Qa2 45. Kh3 Ra7 46. f4 exf4 47.
Qxd4+ Rf6 48. e5 Rf8 49. Ne6+ Kf7 50. Nxf8 Kxf8 51. Qxf4+ 1-0

[Event "Superettan(Helsingborg-Rockaden, Umea)"]
[Site "?"]
[Date "2022.05.14"]
[Round "10"]
[White "Rothman, Peter"]
[Black "Hellstrom, Magnus"]
[Result "0-1"]
[WhiteElo "2124"]
[BlackElo "2076"]
[PlyCount "124"]

1. d4 Nf6 2. Nf3 g6 3. c4 Bg7 4. g3 c5 5. d5 d6 6. Nc3 e6 7. Bg2 exd5 8. cxd5
O-O 9. O-O a6 10. a4 Nbd7 11. Nd2 Re8 12. Nc4 Ne5 13. Na3 Bd7 14. f4 Neg4 15.
h3 Ne3 16. Bxe3 Rxe3 17. Kh2 b5 18. Nc2 Re8 19. axb5 axb5 20. Rxa8 Qxa8 21. Qd2
b4 22. Nd1 Qa2 23. Nce3 Bb5 24. Bf3 Qb3 25. Re1 h5 26. g4 hxg4 27. hxg4 Ne4 28.
Qc1 Bd4 29. Nf1 Qa2 30. e3 Bg7 31. Nd2 Nxd2 32. Qxd2 Ba4 33. Re2 Qb1 34. Rg2
Bxd1 35. Qxd1 Qxd1 36. Bxd1 Rxe3 37. Rd2 Bd4 38. Kg2 Kg7 39. Ba4 b3 40. Bb5 f5
41. gxf5 gxf5 42. Re2 Rxe2+ 43. Bxe2 Bxb2 44. Bc4 Bc1 45. Kf3 b2 46. Bd3 Kf6
47. Bb1 c4 48. Bc2 Bd2 49. Bb1 Bc3 50. Bc2 Bd4 51. Bb1 Ke7 52. Bxf5 Kd8 53. Bb1
Kc7 54. Ke4 Bg7 55. Kf5 Kb6 56. Ke6 Kc5 57. f5 Be5 58. Bc2 Kd4 59. Bb1 c3 60.
Bc2 Ke3 61. f6 Kd2 62. f7 Bg7 0-1

[Event "Superettan(Upsala-Rockaden,Sthlm II )"]
[Site "?"]
[Date "2022.05.14"]
[Round "10"]
[White "Kashebayev, Azamat"]
[Black "Nikolic, Vladan"]
[Result "1-0"]
[WhiteElo "2180"]
[BlackElo "2205"]
[PlyCount "49"]

1. d4 Nf6 2. c4 e6 3. Nc3 Bb4 4. a3 Bxc3+ 5. bxc3 c5 6. e3 b6 7. Ne2 Bb7 8. Ng3
Qe7 9. Bd3 Bxg2 10. Rg1 Bb7 11. e4 d6 12. e5 Nfd7 13. Nh5 g6 14. Bg5 Qf8 15.
Nf6+ Nxf6 16. Bxf6 Rg8 17. dxc5 dxe5 18. Be4 Nc6 19. Rg3 Qxc5 20. Rd3 Kf8 21.
Bxc6 Bxc6 22. Rd8+ Rxd8 23. Qxd8+ Be8 24. Rd1 Qxa3 25. Qxe8+ 1-0

[Event "Superettan(SS 4 Springare-Orgryte)"]
[Site "?"]
[Date "2022.05.14"]
[Round "10"]
[White "Iminov, Bachtiar"]
[Black "Eksmyr, Johan"]
[Result "0-1"]
[WhiteElo "1846"]
[BlackElo "2171"]
[PlyCount "104"]

1. d4 Nf6 2. Nf3 g6 3. c4 Bg7 4. Nc3 d5 5. Bg5 Ne4 6. Bf4 c5 7. cxd5 Nxc3 8.
bxc3 Qxd5 9. e3 Nc6 10. Qa4 Bd7 11. Bc4 Qf5 12. Qd1 cxd4 13. cxd4 Qa5+ 14. Qd2
Qxd2+ 15. Kxd2 Na5 16. Bd3 Rc8 17. Rhc1 O-O 18. Rxc8 Rxc8 19. Rc1 Rxc1 20. Kxc1
Be6 21. Kb2 Nc4+ 22. Bxc4 Bxc4 23. Be5 f6 24. Bb8 a6 25. Nd2 Bd5 26. e4 Bf7 27.
a3 f5 28. e5 Bd5 29. f3 Kf7 30. Kc3 Ke6 31. Nc4 Kd7 32. Ba7 Kc6 33. Bc5 Bxc4
34. Kxc4 e6 35. a4 b6 36. Be7 Bh6 37. Bb4 Bf4 38. h3 Bc1 39. Bf8 Bb2 40. g4 b5+
41. axb5+ axb5+ 42. Kd3 Kd5 43. Bc5 f4 44. g5 Ba1 45. Bb6 b4 46. Ba5 b3 47. Bd2
Bxd4 48. Bxf4 Bxe5 49. Be3 Bg7 50. Bd2 Bd4 51. Bf4 e5 52. Bd2 Ke6 0-1

[Event "Superettan(Helsingborg-Rockaden, Umea)"]
[Site "?"]
[Date "2022.05.14"]
[Round "10"]
[White "Johansson, David"]
[Black "Rosell, Tomas"]
[Result "0-1"]
[WhiteElo "2113"]
[BlackElo "2176"]
[PlyCount "90"]

1. e4 c5 2. c3 Nf6 3. e5 Nd5 4. Nf3 Nc6 5. Bc4 Nb6 6. Bb3 c4 7. Bc2 d5 8. exd6
Qxd6 9. O-O g6 10. Na3 Bg7 11. Re1 O-O 12. Qe2 Be6 13. b3 Nb4 14. Be4 Nd3 15.
Bxd3 cxd3 16. Qe4 Rfe8 17. Nb5 Qd7 18. Nbd4 Bd5 19. Ne5 Bxe5 20. Qxe5 f6 21.
Qg3 e5 22. Nf3 Bc6 23. Bb2 Nd5 24. Qh4 Nf4 25. Re3 g5 26. Nxg5 fxg5 27. Qxg5+
Kf7 28. c4 Rg8 29. Qxe5 Ne2+ 30. Kf1 Bxg2+ 31. Ke1 Rg6 32. Qh5 Kg8 33. Qe5 Kf7
34. Qh5 h6 35. Re5 Qg4 36. Qxg4 Rxg4 37. f3 Rg5 38. Re3 Rd8 39. Ba3 Rd7 40. Kf2
Bh3 41. Re4 Nd4 42. Rf4+ Kg6 43. Rh4 Rg2+ 44. Kf1 Rxh2+ 45. Kg1 Nxf3# 0-1

[Event "Superettan(Upsala-Rockaden,Sthlm II )"]
[Site "?"]
[Date "2022.05.14"]
[Round "10"]
[White "Narva, David"]
[Black "Bernhard, Jonathan"]
[Result "0-1"]
[WhiteElo "2054"]
[BlackElo "1981"]
[PlyCount "78"]

1. e4 Nc6 2. Nf3 e5 3. Bb5 Nf6 4. d3 Bc5 5. O-O d6 6. c3 Bg4 7. Re1 O-O 8. Nbd2
Ne7 9. Nf1 c6 10. Ba4 Bb6 11. Bg5 Ng6 12. h3 Be6 13. Nh4 h6 14. Nxg6 fxg6 15.
Be3 Nh5 16. Bb3 Bxb3 17. Qxb3+ Kh7 18. Bxb6 axb6 19. Rad1 Nf4 20. Ng3 Qg5 21.
Qxb6 h5 22. h4 Qxh4 23. Ne2 c5 24. Nxf4 Qxf4 25. f3 Rf6 26. Re2 Rxa2 27. Qxb7
g5 28. Qd7 g4 29. fxg4 hxg4 30. Qe8 Rh6 31. Rf2 Qh2+ 32. Kf1 Qh1+ 33. Ke2 Rxb2+
34. Rd2 Qc1 35. Rxb2 Qxb2+ 36. Ke3 Qc1+ 37. Ke2 Rh1 38. d4 Qc2+ 39. Ke3 Re1+
0-1

[Event "Superettan(SS 4 Springare-Orgryte)"]
[Site "?"]
[Date "2022.05.14"]
[Round "10"]
[White "Anderzen, Robert"]
[Black "Savela, Julina"]
[Result "1-0"]
[WhiteElo "2099"]
[BlackElo "1253"]
[PlyCount "65"]

1. d4 d5 2. Bf4 Nf6 3. e3 e6 4. Nf3 c5 5. Nbd2 Nc6 6. c3 Bd6 7. dxc5 Bxc5 8.
Bd3 Bd6 9. Bxd6 Qxd6 10. e4 O-O 11. Qe2 Ne5 12. Nxe5 Qxe5 13. Nf3 Qc7 14. e5
Nd7 15. O-O f6 16. exf6 Nxf6 17. Rae1 Ng4 18. Bxh7+ Kh8 19. g3 e5 20. Bc2 e4
21. Nd4 Nf6 22. f3 Bh3 23. Rf2 Rae8 24. fxe4 Ng4 25. Rf3 Qe7 26. Rf4 Rxf4 27.
gxf4 Nf6 28. e5 Ng4 29. Qd3 Qh4 30. Qg3 Qxg3+ 31. hxg3 Nh6 32. Bb3 Rd8 33. e6
1-0

[Event "Superettan(Upsala-Vasteras II)"]
[Site "?"]
[Date "2022.05.13"]
[Round "9"]
[White "Dolata, Henryk"]
[Black "Granath, Jonas"]
[Result "1-0"]
[WhiteElo "2078"]
[BlackElo "1868"]
[PlyCount "101"]

1. e4 e5 2. Nf3 Nc6 3. d4 exd4 4. Nxd4 Nf6 5. Nc3 Bb4 6. Nxc6 bxc6 7. Bd3 d5 8.
exd5 O-O 9. O-O Bg4 10. f3 Bh5 11. Bg5 Qd6 12. Kh1 Bxc3 13. bxc3 Nxd5 14. Qd2
Qc5 15. c4 Nb4 16. Be3 Qe7 17. Bg5 Qc5 18. Be3 Qe7 19. Rfe1 Nxd3 20. cxd3 Qa3
21. Rac1 Rfd8 22. d4 Bg6 23. Rc3 Qb4 24. Rec1 Rab8 25. a3 Qb2 26. Qe1 Re8 27.
Qg1 Rb3 28. Rxb3 Qxb3 29. Bf4 Qxa3 30. Bxc7 Qe7 31. Bg3 f6 32. d5 a5 33. dxc6
a4 34. Re1 Qb4 35. c7 Rxe1 36. c8=Q+ Re8 37. Qcc5 Qb3 38. Qc1 Rd8 39. Bd6 Bf7
40. h3 Qd3 41. Bg3 Qe2 42. Q1g1 a3 43. Qxa3 Bxc4 44. Qf2 Qe6 45. Qfe3 Qf5 46.
Kh2 h6 47. Qac5 Bd5 48. h4 Rd7 49. Qc8+ Kh7 50. Qee8 Be6 51. Qc6 1-0

[Event "Superettan(Farsta-SS 4 Springare)"]
[Site "?"]
[Date "2022.05.13"]
[Round "9"]
[White "Wisdahl, Peter"]
[Black "Savela, Julina"]
[Result "1/2-1/2"]
[WhiteElo "2036"]
[BlackElo "1253"]
[PlyCount "100"]

1. e4 c5 2. c3 d5 3. exd5 Qxd5 4. d4 cxd4 5. cxd4 Nc6 6. Nf3 Bg4 7. Be2 e6 8.
O-O Nf6 9. h3 Bh5 10. Nc3 Qd7 11. Be3 Be7 12. Qb3 O-O 13. Rfd1 Na5 14. Qc2 Bg6
15. Qd2 Nc6 16. Ne5 Nxe5 17. dxe5 Qxd2 18. Rxd2 Ne4 19. Rd7 Bc5 20. Bxc5 Nxc5
21. Rd6 Ne4 22. Nxe4 Bxe4 23. Bc4 Rfc8 24. Rd4 Bc6 25. Rad1 Kf8 26. f4 Ke7 27.
Kf2 Rd8 28. g3 Rxd4 29. Rxd4 Rd8 30. Rxd8 Kxd8 31. f5 Ke7 32. fxe6 fxe6 33. a3
Be8 34. Ke3 h6 35. Kd4 b6 36. Bd3 Bf7 37. Bb5 Kd8 38. Kc4 g5 39. Kb4 Kc7 40.
Bd3 Be8 41. Bc4 a5+ 42. Kc3 Bd7 43. Kd4 Kd8 44. Kc3 Kc7 45. b4 axb4+ 46. axb4
Kd8 47. Kd4 Ke7 48. Ba6 Bc6 49. Kc4 Kd8 50. Kd4 Ke7 1/2-1/2

[Event "Superettan(Rockaden, Umea-Orgryte)"]
[Site "?"]
[Date "2022.05.13"]
[Round "9"]
[White "Torngren, Gustav"]
[Black "Eriksson, Jorgen"]
[Result "1-0"]
[WhiteElo "2245"]
[BlackElo "2202"]
[PlyCount "119"]

1. e4 c6 2. Nf3 d5 3. d3 dxe4 4. dxe4 Qxd1+ 5. Kxd1 Nf6 6. Nfd2 g6 7. f3 Bg7 8.
c3 O-O 9. a4 Rd8 10. Kc2 Nbd7 11. Nb3 Ne8 12. Bg5 Bf6 13. Be3 Nd6 14. a5 Bg7
15. N1d2 Nf8 16. Be2 f5 17. Nc5 Ne6 18. Nd3 fxe4 19. fxe4 Nf7 20. a6 b6 21. Nf3
Bd7 22. Rad1 c5 23. Nf2 Nc7 24. Bc4 Be6 25. Bxe6 Nxe6 26. Ra1 Rac8 27. h4 Bh6
28. Bxh6 Nxh6 29. h5 Nf7 30. Ng4 Kg7 31. Ne3 Nc7 32. Rh3 e6 33. Rah1 g5 34. h6+
Kh8 35. Rg3 Rg8 36. Rh5 Nxa6 37. Ng4 Nc7 38. Nge5 Nxe5 39. Nxe5 Rcf8 40. Rhxg5
Rxg5 41. Rxg5 Ne8 42. Kd3 Rf6 43. Ng4 Rg6 44. Rxg6 hxg6 45. e5 Nc7 46. Nf6 b5
47. c4 a6 48. b3 b4 49. g3 a5 50. g4 g5 51. Ne4 Kh7 52. Nxc5 Kxh6 53. Nb7 Na6
54. Nxa5 Kg6 55. Kd4 Kf7 56. c5 Nc7 57. c6 Nd5 58. Nb7 Ke7 59. Nd6 Nc7 60. Ne4
1-0